| 000 | 03893nam a22004698a 4500 | ||
|---|---|---|---|
| 005 | 20091223093957.0 | ||
| 008 | 090410s2009 nyu c 000 1 eng | ||
| 020 |
_a818477401X _c275.00 |
||
| 020 | _a9788184774016 | ||
| 035 | _aB-389632-648 | ||
| 037 | _bScholastic | ||
| 040 |
_adpl _bEnglish |
||
| 082 | _aS | ||
| 100 | _aPreĢvost, Guillaume | ||
| 245 |
_aThe circle of gold : _bthe book of time III / _cby Guillaume Prevost ; translated by William Rodarmor |
||
| 260 |
_aNew York _bArthur A. Levine Books _c2009(repr.). |
||
| 270 |
_a557 Boardway _bNew York _e10012 |
||
| 300 |
_axiii, 288p. _c24cm(pbk) |
||
| 500 | _aArthur A. Levine Books an imprint of Scholastic | ||
| 520 | _aFourteen-year-old Sam Faulkner journeys through time to ancient China, Renaissance Rome, and into the future to rescue his friend Alicia and prevent the death of this mother. | ||
| 650 |
_aTime travel _vFiction. |
||
| 700 | _aRodarmor, William | ||
| 942 |
_2ddc _cCH _hS _mPRE |
||
| 999 |
_c33333 _d33333 |
||